书目信息 |
| 题名: |
数码摄影手册
|
|
| 作者: | SICN JOINSON 编著 | |
| 分册: | ||
| 出版信息: | 福建 福建科学技术出版社 1999.11 |
|
| 页数: | 176页 | |
| 开本: | 32开 | |
| 丛书名: | ||
| 单 册: | ||
| 中图分类: | TB85-62 | |
| 科图分类: | ||
| 主题词: | 摄影--机具 , 摄影--设备 | |
| 电子资源: | ||
| ISBN: | 7-5335-1572-2 | |
| 000 | 00601nam0 2200205 45 | |
| 001 | 0007271077 | |
| 005 | 20000727105434.3 | |
| 010 | @a7-5335-1572-2@d38.00元 | |
| 100 | @a20000727d1999 km y0chiy0120 ea | |
| 101 | 0 | @achi |
| 105 | @a z 000yy | |
| 200 | 1 | @a数码摄影手册@AShu Ma She Ying Shou Ce@f(英)SICN JOINSON编著@F(Ying)SICN JOINSON Bian Zhu |
| 210 | @a福建@c福建科学技术出版社@d1999.11 | |
| 215 | @a176页@d32开 | |
| 606 | 0 | @a摄影@x机具 |
| 606 | 0 | @a摄影@x设备 |
| 690 | @aTB85-62@v3 | |
| 701 | 0 | @aSICN JOINSON@4编著 |
| 801 | @aCN@bPftUser@c20000727 | |
| 905 | @b80489-491@dTB85-62@eQ799@f3 | |
| 数码摄影手册/(英)SICN JOINSON编著.-福建:福建科学技术出版社,1999.11 |
| 176页;32开 |
| ISBN 7-5335-1572-2:38.00元 |
| ● |
| 相关链接 |
|
|
|
正题名:数码摄影手册
索取号:TB85-62/Q799
 
预约/预借
| 序号 | 登录号 | 条形码 | 馆藏地/架位号 | 状态 | 备注 |
| 1 | 80489 | 200804898 | 自科库501/501自科库 19排2列3层/ [索取号:TB85-62/Q799] | 在馆 | |
| 2 | 80490 | 200804905 | 自科库501/ [索取号:TB85-62/Q799] | 在馆 | |
| 3 | 80491 | 200804914 | 社科二线422/422社科库 16排2列2层/ [索取号:TB85-62/Q799] | 在馆 |